01076pab a2200145 454500008004000000100001600040245010900056260000900165300001400174362000800188520066300196650002700859650002600886773001800912180718b2000 xxu||||| |||| 00| 0 eng d aSingh, Alka aRegional disparities in growth and structure of public investment in agricultural research and education c2000 ap.360-66. aDec aThe present paper studies the regional disparities in structure of investment in agricultural research and education and assess the productivity gains in agriculture arising out of research investment. Results observed that all the States showed impressive growth in research investments and spent more on agricultural research relative to their agricultural gross domestic product (agricultural research intensity) in 1992-94 than they did in 1980-82. Results also indicate an association between high growth rate in real investment in research and education and growth in average value of yield per hectare in all states except West Bengal. - Reproduced. aAgricultural education aAgricultural research aArtha Vijnana